| 000 | 01043nam0a22003011 4500 | ||
|---|---|---|---|
| 001 | v19\rc\1988118 | ||
| 005 | 20251118181346.3 | ||
| 035 | _a(NLR Aleph) 005084359 | ||
| 090 |
_a7230369 _c7230369 |
||
| 100 | _a20080811d1915 u y0rusy50 ca | ||
| 101 | 0 | _arus | |
| 102 | _aRU | ||
| 105 | _aab z ||||| | ||
| 200 | 1 |
_aОсновные правила разведки и практические приемы выслеживания _fВилен. воен. уч-ща штабс-кап. Рейс |
|
| 205 | _a2-е изд., доп. | ||
| 210 |
_aПолтава _cтипо-лит. Губ. правл. _d1915 |
||
| 215 |
_a100 с., 1 л. карт. _cсхем. _d16 |
||
| 300 | _aВ конце текста авт.: А. Рейс | ||
| 700 | 1 |
_aРейс _bА.М. _gАлександр Мартович |
|
| 801 | 0 |
_aRU _bNLR _gpsbo |
|
| 801 | 0 |
_aRU _bRuMoRGB _2psbo |
|
| 801 | 1 |
_aRU _bProSoft-M _2rusmarc |
|
| 852 |
_aNLR _j34.103.6.29 |
||
| 899 |
_aRuMoRGB _jV 121/1575 |
||
| 899 |
_aRuMoRGB _jΔ 7/378 |
||
| 899 | _aБАН | ||
| 942 | _cBOOK | ||
| 980 | _aNB | ||